Central Library OPAC University of Rajshahi

Advanced organic chemistry / (Record no. 75129)

MARC details
000 -LEADER
fixed length control field 00798nam a2200289 a 4500
001 - CONTROL NUMBER
control field 75129
003 - CONTROL NUMBER IDENTIFIER
rucl marc code BD-RjUL
005 - DATE AND TIME OF LATEST TRANSACTION
control field 20211209082642.0
008 - FIXED-LENGTH DATA ELEMENTS--GENERAL INFORMATION
fixed length control field 190123s1960 nyua b 000 0 eng
035 ## - SYSTEM CONTROL NUMBER
System control number (BD-RjUL)75347
System control number (OCoLC)541780
040 ## - CATALOGING SOURCE
Original cataloging agency DLC
Transcribing agency ODaWU
Modifying agency OCoLC
-- Uk
-- DLC
-- BD-RjUL
Language of cataloging eng
041 ## - LANGUAGE CODE
Language code of text/sound track or separate title eng
042 ## - AUTHENTICATION CODE
Authentication code premarc
082 ## - DEWEY DECIMAL CLASSIFICATION NUMBER
Edition number 23
Classification number 547
Author mark and year WHA 1960
100 1# - MAIN ENTRY--PERSONAL NAME
Personal name Wheland, George Willard,
Dates associated with a name 1907-
9 (RLIN) 227306
245 10 - TITLE STATEMENT
Title Advanced organic chemistry /
Statement of responsibility, etc. George Willard Wheland.
250 ## - EDITION STATEMENT
Edition statement 3d ed.
260 ## - PUBLICATION, DISTRIBUTION, ETC. (IMPRINT)
Place of publication, distribution, etc. New York :
Name of publisher, distributor, etc. Wiley,
Date of publication, distribution, etc. 1960.
300 ## - PHYSICAL DESCRIPTION
Pagination 871 p.:
Illustrations illus.;
Size 24 cm.
504 ## - BIBLIOGRAPHY, ETC. NOTE
Bibliography, etc Includes bibliography.
650 #0 - SUBJECT ADDED ENTRY--TOPICAL TERM
Topical term or geographic name as entry element Chemistry, Organic.
9 (RLIN) 227307
942 ## - ADDED ENTRY ELEMENTS (KOHA)
Source of classification or shelving scheme Dewey Decimal Classification
Koha item type Books
Holdings
Lost status Source of classification or shelving scheme Damaged status Not for loan Collection code Permanent Location Current Location Shelving location Date acquired Source of acquisition Cost, normal purchase price Total Checkouts Full call number Date last seen Copy number Koha item type
  Dewey Decimal Classification   Not For Loan Non-fiction Central Library, University of Rajshahi Central Library, University of Rajshahi Reading Room 26/10/1962 Zeitlinger 132.00   547 WHA 1960 23/01/2019 C-1 Books
  Dewey Decimal Classification     Non-fiction Central Library, University of Rajshahi Central Library, University of Rajshahi   26/10/1962 Zeitlinger 132.00   547 WHA 1960 09/02/2019 C-2 Books
  Dewey Decimal Classification     Non-fiction Central Library, University of Rajshahi Central Library, University of Rajshahi   26/10/1962 Zeitlinger 132.00   547 WHA 1960 27/02/2019 C-3 Books